| 000 | 00842nam a22001937a 4500 | ||
|---|---|---|---|
| 005 | 20230912125714.0 | ||
| 010 | _aHIN-125915 | ||
| 020 |
_a9789355182203 _c775.00 |
||
| 035 | _aHN-98261 | ||
| 037 | _bDBAD/PUB | ||
| 082 | _a000 | ||
| 100 |
_aहसनैन, नदीम _956414 |
||
| 245 |
_aभारतीय समाज से सम्बंधित सामान्य अध्ययन एवं सामयिकी / _cनदीम हसनैन |
||
| 260 |
_aनई दिल्ली _bवाणी प्रकाशन ग्रुप _c2022 |
||
| 270 |
_a4695, 21- ए दरियागंज _bनई दिल्ली _e110002 |
||
| 300 |
_a374 पृ. _c22 सेमी (सजिल्द) |
||
| 700 |
_aसरोज कोठारी _956380 |
||
| 942 |
_cHN _2ddc _h000 _mहसनै |
||
| 999 |
_c198024 _d198024 |
||